Statistics for Famous People Born in West Virginia

Click here to take the quiz!

General Stats

  • This quiz has been taken 127 times
  • The average score is 2 of 5

Answer Stats

DescriptionFamous PersonBirth City% Correct
Current host of Family FeudSteve HarveyWelch
85%
Los Angeles Lakers player 1960-1974Jerry WestChelyan
71%
Actor as Turkey Lurkey in Chicken LittleDon KnottsMorgantown
42%
Voice of Jack Skellington, ex-husband of SusanChris SarandonBeckley
27%
Actor as Sarge in CarsPaul DooleyParkersburg
21%

Score Distribution

Percentile by Number Answered

Percent of People with Each Score

Your Score History

You have not taken this quiz